LIBRARY & INFORMATION CENTRE, KCAET, TAVANUR

ONLINE PUBLIC ACCESS CATALOGUE (OPAC)

Comparative Evaluation of Evapotranspiration Parameters in a Naturally Ventilated Polyhouse and Open Field (Record no. 14881)

MARC details
000 -LEADER
fixed length control field 00788nam a22001817a 4500
003 - CONTROL NUMBER IDENTIFIER
control field OSt
088 ## - REPORT NUMBER
Report number T 390
100 ## - MAIN ENTRY--AUTHOR NAME
Personal name MADHAVI TULLURU
245 ## - TITLE STATEMENT
Title Comparative Evaluation of Evapotranspiration Parameters in a Naturally Ventilated Polyhouse and Open Field
260 ## - PUBLICATION, DISTRIBUTION, ETC. (IMPRINT)
Place of publication Tavanur 2017
Name of publisher Kelappaji College of Agricultural Engineering and Technology
300 ## - PHYSICAL DESCRIPTION
Number of Pages 115
500 ## - GENERAL NOTE
General note Comparative Evaluation of Evapotranspiration Parameters in a Naturally Ventilated Polyhouse and Open Field
520 ## - SUMMARY, ETC.
Summary, etc Comparative Evaluation of Evapotranspiration Parameters in a Naturally Ventilated Polyhouse and Open Field
700 ## - ADDED ENTRY--PERSONAL NAME
Personal name Dr. Rema K. P (Guide)
856 ## - ELECTRONIC LOCATION AND ACCESS
Uniform Resource Identifier https://drive.google.com/open?id=19JHMBKlzXFqzShkpq3LFAxxUpOMoiKQb
942 ## - ADDED ENTRY ELEMENTS (KOHA)
Koha item type Theses
Holdings
Collection code Home library Current library Shelving location Full call number Accession Number Koha item type
Reference KAUAET KAUAET Reference 631.587 MAD/CO T 390 Theses
free website counter